| 000 | 00445nab a2200145Ia 4500 | ||
|---|---|---|---|
| 003 | ES-SlBCS | ||
| 005 | 20210601131740.0 | ||
| 008 | 140529s1932 xxu||||| |||| 00| 0 fre d | ||
| 041 | _afre | ||
| 100 | 1 |
_aBrillant, Maurice _9188536 |
|
| 245 | 0 | 0 |
_aLes leçons d'une exposition d'art religieuse _c Maurice Brillant |
| 650 | 0 | 4 |
_aArte Religioso _91640 |
| 773 | 0 |
_tVie Intelectuelle (La) _gvol. 15, nº. 3, 1932, págs. 503-510 _wRev907 |
|
| 942 | _cAR | ||
| 999 |
_c568128 _d568128 |
||